Revised Third Edition Celebrate; (Record no. 207899)
[ view plain ]
| 000 -LEADER | |
|---|---|
| fixed length control field | 00659nam a22001937a 4500 |
| 005 - DATE AND TIME OF LATEST TRANSACTION | |
| control field | 20241223121518.0 |
| 010 ## - LCCN (DPL NO) | |
| LC control number | B-761532 |
| 020 ## - INTERNATIONAL STANDARD BOOK NUMBER | |
| International Standard Book Number | 9789356064942 |
| Terms of availability | 210.00 |
| 035 ## - SYSTEM CONTROL NUMBER | |
| System control number | B-761532 |
| 037 ## - SOURCE OF ACQUISITION | |
| Source of stock number/acquisition | Gift |
| 082 ## - DEWEY DECIMAL CLASSIFICATION NUMBER | |
| Classification number | 480 |
| 100 ## - MAIN ENTRY--PERSONAL NAME | |
| Personal name | Saran, Charu |
| 245 ## - TITLE STATEMENT | |
| Title | Revised Third Edition Celebrate; |
| Remainder of title | An Activity- based Multi-skill Course in English 7/ |
| Statement of responsibility, etc | Charu Saran |
| 260 ## - PUBLICATION, DISTRIBUTION, ETC. (IMPRINT) | |
| Name of publisher, distributor, etc | Pearson |
| Date of publication, distribution, etc | 2021 |
| Place of publication, distribution, etc | Uttar Pradesh |
| 270 ## - ADDRESS | |
| Address | 15th Floor, Tower-B, World Trade Tower, Plot No.1 Block C |
| City | Uttar Pradesh |
| Postal code | 201301 |
| 300 ## - PHYSICAL DESCRIPTION | |
| Extent | 105p. |
| Dimensions | 22cm(pb) |
| 942 ## - ADDED ENTRY ELEMENTS (KOHA) | |
| Source of classification or shelving scheme | Dewey Decimal Classification |
| Item type | Children Books |
| Call number suffix | SAR |
| Classification part | 480 |
| Withdrawn status | Lost status | Not for loan | Collection code | Home library | Current library | Date acquired | Source of acquisition | Cost, normal purchase price | Full call number | Barcode | Copy number | Cost, replacement price | Koha item type | Public note |
|---|---|---|---|---|---|---|---|---|---|---|---|---|---|---|
| Non-fiction | Central Library | Central Library | 23/12/2024 | Gift/19.12.24 | 210.00 | SAR 480 | B-761532 | 1 | 210.00 | Children Books | Gift |
